000 00633cam a2200205 a 4500
020 _a0471628840
040 _cDLC
082 0 0 _a574 WIL 1992 A057 Or.
245 0 0 _aBiodiversity of the southeastern United States :
_baquatic communities /
260 _aNew York :
_bWiley,
_cc1992.
300 _axiii, 779 p. :
_bill., maps ;
_c25 cm.
650 0 _aAquatic ecology
650 0 _aBiotic communities
650 0 _aAquatic biodiversity
700 1 _aHackney, Courtney Thomas.
700 1 _aAdams, S. Marshall.
700 1 _aMartin, William Haywood,
856 4 _uhttp://www.loc.gov/catdir/toc/onix01/91024296.html
942 _cEK
999 _c14027
_d14027